divergent quiz - Statistics

General Stats
  • This quiz has been taken 336 times
  • The average score is 14 of 15
Answer Stats
Hint Answer % Correct
main character tris
100%
main characters instructor four
98%
instructors real name tobias
97%
main characters brother caleb
96%
main characters bestie christina
96%
faction that values peace amity
95%
faction that values honesty candor
95%
faction that values braveness dauntless
95%
instructors dad marcus
94%
faction that values selflessness abnegation
93%
faction that values intelligence erudite
92%
boy who main character kills will
90%
instructors mom evelyn
81%
main characters dad andrew
80%
main characters mom natalie
79%
No matching quizzes found
Score Distribution
Percent of People with Each Score
Percentile by Number Answered
Your Score History
You have not taken this quiz